00259 a2200109 4500001000700000020000600007040001100013100001900024240005100043245004600094362000900140169939 a  cMagnum aBireaud, Annie10aOs metodos pedagogicos no ensino superiorlpor10aOs metodos pedagogicos no ensino superior0 a1899